[Event "TCh-Moscow 2014"]
[Site "Moscow RUS"]
[Date "2014.10.02"]
[Round "4.3"]
[White "Golubev, Roman"]
[Black "Dragomarezkij, Evgeni"]
[Result "1-0"]
[BlackTitle "IM"]
[WhiteElo "2324"]
[BlackElo "2367"]
[WhiteTeam "Academy GMs I & V Glek"]
[BlackTeam "VNIIAvtomatiki"]
[WhiteFideId "14202344"]
[BlackFideId "4101944"]
[EventDate "2014.09.27"]

1. e4 c5 2. Nf3 e6 3. d4 cxd4 4. Nxd4 a6 5. Bd3 Qb6 6. Be3 Bc5 7. c3 e5 8. Nf5
Bxe3 9. Nxe3 Nf6 10. Nd2 O-O 11. Ndc4 Qc7 12. Bc2 Nc6 13. a4 b6 14. O-O Bb7 15.
Qd6 Qxd6 16. Nxd6 Rab8 17. Rfd1 Ne8 18. Nxe8 Rfxe8 19. Rxd7 Kf8 20. Rad1 Bc8 21.
R7d6 Bb7 22. Nd5 b5 23. Nb6 Rbd8 24. Rxd8 Nxd8 25. axb5 axb5 26. Nd7+ Ke7 27.
Nxe5 f6 28. Nf3 Nf7 29. Nd4 Nd6 30. Ra1 Kd7 31. f3 Kc7 32. Bd3 Kb6 33. Kf2 g6
34. g4 h6 35. h4 Re7 36. Re1 Re8 37. g5 hxg5 38. hxg5 fxg5 39. e5 Nc4 40. e6 Bd5
41. Bxg6 Re7 42. Be4 Bxe4 43. Rxe4 Re8 44. b3 1-0

[Event "TCh-Moscow 2014"]
[Site "Moscow RUS"]
[Date "2014.10.02"]
[Round "4.3"]
[White "Elishev, Ivan"]
[Black "Alikulov, Elbek"]
[Result "0-1"]
[BlackTitle "FM"]
[WhiteElo "2191"]
[BlackElo "2232"]
[WhiteTeam "VNIIAvtomatiki"]
[BlackTeam "Academy GMs I & V Glek"]
[WhiteFideId "4186826"]
[BlackFideId "14203308"]
[EventDate "2014.09.27"]

1. e4 c5 2. Nf3 d6 3. b4 cxb4 4. d4 Nf6 5. Bd3 Nc6 6. O-O e5 7. d5 Nb8 8. Bd2
Be7 9. Bxb4 O-O 10. Nbd2 Na6 11. a3 g6 12. Nc4 Nh5 13. Re1 Nf4 14. Bf1 Nxb4 15.
axb4 f5 16. Nfd2 fxe4 17. Nxe4 Bf5 18. Ncd2 Qb6 19. Rb1 Qc7 20. c4 Rad8 21. Qb3
Kh8 22. Rec1 b6 23. Qa4 Qb7 24. Ra1 Rd7 25. Qc6 Qb8 26. Qb5 Rb7 27. Qa6 Rd8 28.
Ra2 Rc7 29. Rca1 Rdd7 30. Qb5 Qf8 31. Ra6 h5 32. Qa4 h4 33. Qb3 g5 34. R1a3 g4
35. Qa2 Qb8 36. Qa1 Bf8 37. c5 Qe8 38. c6 Rg7 39. Rxa7 Nxd5 40. b5 Qg6 41. Rxc7
Nxc7 42. Qe1 d5 43. Ra4 dxe4 44. Nxe4 Ne6 45. Nc3 Nd4 46. Kh1 Bd6 47. Nd5 Be4
48. Nf4 Qf5 49. Ra8+ Kh7 50. Nh5 Rf7 51. Bc4 h3 52. Qe3 Bxg2+ 53. Kg1 Qb1+ 0-1

[Event "TCh-Moscow 2014"]
[Site "Moscow RUS"]
[Date "2014.10.02"]
[Round "4.3"]
[White "Prosviriakov, Vladimir"]
[Black "Kozlov, Vladimir N"]
[Result "0-1"]
[WhiteTitle "IM"]
[BlackTitle "IM"]
[WhiteElo "2275"]
[BlackElo "2243"]
[WhiteTeam "Academy GMs I & V Glek"]
[BlackTeam "VNIIAvtomatiki"]
[WhiteFideId "2004860"]
[BlackFideId "4103980"]
[EventDate "2014.09.27"]

1. d4 Nf6 2. Bg5 e6 3. Nd2 h6 4. Bh4 c5 5. e3 d5 6. c3 Nc6 7. f4 cxd4 8. cxd4
Qb6 9. Bxf6 gxf6 10. Nb3 e5 11. Nf3 exf4 12. exf4 Bb4+ 13. Kf2 O-O 14. Qd3 a5
15. a4 Bd6 16. g3 Nb4 17. Qb5 Qd8 18. Nc5 b6 19. Ne4 dxe4 20. Nh4 Nc2 21. Bc4
e3+ 22. Kg1 Nxa1 23. Qh5 Kg7 24. f5 Ra7 25. Kg2 Nc2 26. Rd1 Qe7 27. Kh3 Rc7 28.
Qg4+ Kh7 29. Ng6 fxg6 30. Qxg6+ Kh8 31. Qxh6+ Qh7 0-1

[Event "TCh-Moscow 2014"]
[Site "Moscow RUS"]
[Date "2014.10.02"]
[Round "4.5"]
[White "Vavulin, Maksim"]
[Black "Sarana, Alexey"]
[Result "1-0"]
[WhiteTitle "IM"]
[WhiteElo "2431"]
[BlackElo "2411"]
[WhiteTeam "Moscow Youth"]
[BlackTeam "Navigator"]
[WhiteFideId "4169530"]
[BlackFideId "24133795"]
[EventDate "2014.09.27"]

1. e4 e5 2. Nf3 Nc6 3. Bb5 a6 4. Ba4 Nf6 5. d3 b5 6. Bb3 Be7 7. O-O O-O 8. a4 b4
9. a5 d6 10. Nbd2 Rb8 11. h3 Be6 12. Nc4 Qc8 13. Be3 Qb7 14. Qe2 Nd7 15. Rfd1
Bf6 16. Re1 Rfe8 17. Ba4 Re7 18. c3 d5 19. Ncd2 Nd8 20. exd5 Bxd5 21. Ne4 Ne6
22. Nfd2 Kh8 23. Qg4 Bc6 24. Bc2 Rd8 25. Rad1 g6 26. Nxf6 Nxf6 27. Qg3 Ng7 28.
Bc5 Re6 29. Bxb4 Ngh5 30. Qg5 Kg7 31. Ne4 Nf4 32. Nc5 Qa8 33. Nxe6+ Nxe6 34. Qg3
Nf4 35. f3 N6h5 36. Qf2 Re8 37. Kh2 Qd8 38. d4 Qg5 39. h4 Qf6 40. dxe5 Qe6 41.
Rd4 Kh8 42. c4 Rg8 43. Bc3 g5 44. Rd6 cxd6 45. exd6+ f6 46. Rxe6 Nxe6 47. g4
Nhg7 48. Bxf6 Rf8 49. hxg5 1-0

[Event "TCh-Moscow 2014"]
[Site "Moscow RUS"]
[Date "2014.10.02"]
[Round "4.5"]
[White "Babarykin, Stanislav"]
[Black "Zakhartsov, Vladimir"]
[Result "0-1"]
[WhiteTitle "FM"]
[BlackTitle "IM"]
[WhiteElo "2378"]
[BlackElo "2407"]
[WhiteTeam "Navigator"]
[BlackTeam "Moscow Youth"]
[WhiteFideId "4101898"]
[BlackFideId "4145097"]
[EventDate "2014.09.27"]

1. d4 Nf6 2. Bf4 g6 3. Nf3 Bg7 4. e3 O-O 5. Be2 d6 6. O-O Nbd7 7. h3 Qe8 8. c4
e5 9. Bh2 Qe7 10. Nc3 c6 11. b4 b6 12. b5 c5 13. dxe5 Nxe5 14. Nxe5 dxe5 15. Bf3
Rb8 16. Nd5 Nxd5 17. Bxd5 Be6 18. Bxe6 Qxe6 19. Qa4 Rfd8 20. Rfd1 Qe7 21. Kf1 h5
22. Rxd8+ Rxd8 23. Rd1 Qh4 24. Rxd8+ Qxd8 25. Ke2 Qa8 26. f3 e4 27. Qa6 Bc3 28.
Qa3 Bb4 29. Qb2 exf3+ 30. gxf3 Qd8 31. Bf4 Qh4 32. Bh6 Qe1+ 33. Kd3 Qf1+ 34. Kc2
Qxc4+ 0-1

[Event "TCh-Moscow 2014"]
[Site "Moscow RUS"]
[Date "2014.10.02"]
[Round "4.5"]
[White "Savenkov, Konstantin"]
[Black "Mesropov, Konstantin"]
[Result "1/2-1/2"]
[BlackTitle "IM"]
[WhiteElo "2370"]
[BlackElo "2431"]
[WhiteTeam "Moscow Youth"]
[BlackTeam "Navigator"]
[WhiteFideId "4138600"]
[BlackFideId "4116887"]
[EventDate "2014.09.27"]

1. e4 e6 2. d4 d5 3. exd5 exd5 4. Nf3 Bd6 5. Bd3 Ne7 6. O-O Nbc6 7. c4 dxc4 8.
Bxc4 h6 9. Nc3 O-O 10. h3 Nf5 11. Be3 Nce7 12. Re1 Ng6 13. Ne4 Nxe3 14. fxe3 Bb4
15. Re2 Qe7 16. Nc3 c6 17. Qb3 Bd6 18. Rf1 b5 19. Bd3 Be6 20. Qc2 Nh4 21. Nxh4
Qxh4 22. Ne4 Bb8 23. Qxc6 Rd8 24. Qxb5 Bd5 25. Nd2 Qg3 26. Nf3 a6 27. Qa5 Bc7
28. Qe1 Bxa2 29. Qxg3 Bxg3 30. e4 a5 31. Ra1 Bb3 32. Bc2 a4 33. Bxb3 axb3 34.
Rb1 Rab8 35. Re3 h5 36. Kf1 f6 37. Rd3 Rb4 38. Nd2 Rdxd4 39. Rxd4 Rxd4 40. Nxb3
Rxe4 41. Nd2 Rf4+ 42. Kg1 Bf2+ 43. Kh1 Bc5 44. Rc1 Be3 45. Rc8+ Kh7 46. Nf3 Rb4
47. Rc3 Bf4 48. b3 Rb6 49. Kg1 Ra6 50. Rc2 Ra1+ 51. Kf2 Rb1 52. Nd2 Bxd2 53.
Rxd2 Rxb3 54. Ra2 g5 55. Rc2 Kg6 56. Ra2 Rd3 57. Ke2 Rg3 58. Kf2 h4 59. Ra8 Rb3
60. Ra2 Rc3 61. Ra6 Rd3 62. Ke2 Rd5 63. Kf3 Kf5 64. Ra3 Rb5 65. Rc3 Ke5 66. Ra3
Rc5 67. Re3+ Kd4 68. Re4+ Kd3 69. Re3+ Kd2 70. Re2+ Kd1 71. Ra2 Rc3+ 72. Ke4 Ke1
73. Kf5 Kf1 74. Kxf6 Rg3 75. Kf5 Rxg2 76. Ra1+ Kf2 77. Rh1 Kf3 78. Ra1 Kf2 79.
Rh1 Kf3 80. Ra1 Rg3 81. Ra2 Rg1 82. Ra3+ Kf2 83. Ra2+ Kf3 84. Ra3+ Kf2 85. Ra2+
Kg3 86. Kxg5 Kxh3+ 87. Kf4 Rg4+ 88. Kf3 Rg3+ 89. Kf4 Rg2 90. Ra8 Kh2 91. Rh8 h3
92. Kf3 Rg7 93. Kf2 Rf7+ 94. Ke2 Rf5 95. Rg8 Ra5 96. Kf2 Ra2+ 97. Kf1 Rg2 98.
Rf8 Rg4 99. Kf2 Rg7 100. Kf1 Kh1 101. Rf6 Ra7 102. Rf8 Ra1+ 103. Kf2 h2 104. Rf7
Rf1+ 1/2-1/2

[Event "TCh-Moscow 2014"]
[Site "Moscow RUS"]
[Date "2014.10.02"]
[Round "4.5"]
[White "Krivenko, Sergey"]
[Black "Smirnov, Timofey"]
[Result "1-0"]
[WhiteElo "2342"]
[BlackElo "2269"]
[WhiteTeam "Navigator"]
[BlackTeam "Moscow Youth"]
[WhiteFideId "24124753"]
[BlackFideId "24176427"]
[EventDate "2014.09.27"]

1. d4 Nf6 2. c4 e6 3. Nc3 d5 4. cxd5 exd5 5. Bg5 Be7 6. e3 h6 7. Bh4 O-O 8. Bd3
b6 9. Nge2 Bb7 10. O-O Nbd7 11. Rc1 c5 12. Bf5 c4 13. f3 a6 14. Bf2 b5 15. a3
Nb6 16. Ng3 Bc6 17. e4 a5 18. e5 Ne8 19. Be3 b4 20. axb4 axb4 21. Nce2 Ra2 22.
Ra1 Ba4 23. Qb1 Rxa1 24. Qxa1 Nc7 25. Qc1 Bg5 26. f4 Be7 27. Bb1 c3 28. bxc3 Nc4
29. f5 Nxe3 30. Qxe3 Bg5 31. Qf3 bxc3 32. Nxc3 Bc6 33. f6 g6 34. Nf5 Qd7 35. h4
Bd2 36. h5 gxf5 37. Qd3 Rb8 38. Qxd2 Rxb1 39. Rxb1 Kh7 40. Qf4 Qc8 41. Ne2 Bd7
42. Rb3 Qa6 43. Rg3 Ne8 44. Qe3 Qa1+ 45. Kh2 Qb1 46. Qa3 f4 47. Nxf4 Nxf6 48.
exf6 Qb8 49. Rg7+ Kh8 50. Qg3 Qe8 51. Rh7+ 1-0

[Event "TCh-Moscow 2014"]
[Site "Moscow RUS"]
[Date "2014.10.02"]
[Round "4.5"]
[White "Kovalev, Egor"]
[Black "Pipnikov, Nikolay"]
[Result "1-0"]
[WhiteElo "2209"]
[BlackElo "2321"]
[WhiteTeam "Moscow Youth"]
[BlackTeam "Navigator"]
[WhiteFideId "24124117"]
[BlackFideId "4184670"]
[EventDate "2014.09.27"]

1. Nf3 Nf6 2. g3 g6 3. Bg2 Bg7 4. d4 O-O 5. O-O d6 6. Nc3 c6 7. e4 Bg4 8. h3
Bxf3 9. Qxf3 e5 10. dxe5 dxe5 11. Rd1 Qe7 12. a4 Na6 13. b3 Rfd8 14. Ba3 Rxd1+
15. Nxd1 Qe6 16. Ne3 Rd8 17. Rd1 Rd4 18. c3 Rd7 19. Bf1 Qxb3 20. Rxd7 Nxd7 21.
Bc4 Qb1+ 22. Kh2 Bf6 23. Ng4 b5 24. Nxf6+ Nxf6 25. Qxf6 bxc4 26. Qd8+ Kg7 27.
Bf8+ 1-0

[Event "TCh-Moscow 2014"]
[Site "Moscow RUS"]
[Date "2014.10.02"]
[Round "4.5"]
[White "Golynsky, Yuri"]
[Black "Mukhitdinov, Akmalkhon"]
[Result "0-1"]
[WhiteElo "2115"]
[BlackElo "2121"]
[WhiteTeam "Navigator"]
[BlackTeam "Moscow Youth"]
[WhiteFideId "4101952"]
[BlackFideId "24150851"]
[EventDate "2014.09.27"]

1. e4 c5 2. f4 Nc6 3. Nf3 g6 4. c3 d5 5. e5 Bg4 6. Bb5 Bg7 7. Bxc6+ bxc6 8. O-O
e6 9. d3 Ne7 10. Nbd2 O-O 11. Qe2 Nf5 12. Nb3 Qb6 13. Be3 Nxe3 14. Qxe3 c4 15.
Qxb6 axb6 16. dxc4 dxc4 17. Nbd2 Bxf3 18. Rxf3 b5 19. Ne4 Rfd8 20. a3 Bf8 21.
Rc1 Be7 22. Kf2 h5 23. g3 Rd5 24. h4 Kf8 25. Ke2 Ke8 26. Rd1 Kd7 27. Rd2 Kc7 28.
Kd1 Kb6 29. Kc2 Rad8 30. Rg2 Rd3 31. Rff2 Re3 32. Re2 Rdd3 33. Rh2 c5 34. Rhg2
Kc6 35. Rxe3 Rxe3 36. Ng5 Bxg5 37. hxg5 Kd5 38. Rd2+ Ke4 39. Rd7 Rxg3 40. Rxf7
h4 41. Rf6 h3 42. Rxg6 h2 43. Rh6 Rg2+ 0-1

[Event "TCh-Moscow 2014"]
[Site "Moscow RUS"]
[Date "2014.10.04"]
[Round "5.2"]
[White "Mozharov, Mikhail"]
[Black "Paravyan, David"]
[Result "1/2-1/2"]
[WhiteTitle "GM"]
[BlackTitle "IM"]
[WhiteElo "2555"]
[BlackElo "2428"]
[WhiteTeam "Academy GMs I & V Glek"]
[BlackTeam "The chip"]
[WhiteFideId "4189825"]
[BlackFideId "4194985"]
[EventDate "2014.09.27"]

1. Nf3 Nf6 2. c4 c5 3. g3 g6 4. Bg2 Bg7 5. O-O Nc6 6. Nc3 O-O 7. d3 d5 8. cxd5
Nxd5 9. Nxd5 Qxd5 10. Be3 Bd7 11. Nd4 Qd6 12. Nxc6 Bxc6 13. Bxc6 Qxc6 14. Rc1
Qe6 15. b3 b6 16. Rc4 Bf6 17. Qc2 Rfd8 18. Rc1 Rd5 19. Qd1 a5 20. Qf1 Rad8 21.
Qg2 Bd4 22. Bxd4 Rxd4 23. Qf3 Kg7 24. Kg2 Qe5 25. Qe3 Qd5+ 26. Qf3 Qe5 1/2-1/2

[Event "TCh-Moscow 2014"]
[Site "Moscow RUS"]
[Date "2014.10.04"]
[Round "5.2"]
[White "Erzhanov, Arman"]
[Black "Sychev, Klementy"]
[Result "1/2-1/2"]
[WhiteTitle "FM"]
[WhiteElo "2273"]
[BlackElo "2407"]
[WhiteTeam "The chip"]
[BlackTeam "Academy GMs I & V Glek"]
[WhiteFideId "4138821"]
[BlackFideId "4114060"]
[EventDate "2014.09.27"]

1. e4 c5 2. Nf3 d6 3. Bb5+ Nd7 4. d4 cxd4 5. Qxd4 a6 6. Bxd7+ Bxd7 7. Nc3 e5 8.
Qd3 h6 9. Nd2 Rc8 10. Nc4 Qc7 11. Ne3 Nf6 12. Bd2 Be6 13. Rc1 Qc5 14. O-O Be7
15. Rfd1 O-O 16. Be1 b5 17. a3 Rfd8 18. Kh1 Bc4 19. Qd2 Nh5 20. f3 Bg5 21. Bf2
Qc6 22. Qe1 Be6 23. Ned5 Rd7 24. Be3 Bd8 25. Rd3 Qb7 26. Qf2 a5 27. g4 Nf6 28.
Nxf6+ Bxf6 29. Nd5 Bd8 30. Rcd1 Rc6 31. Qe2 Qc8 32. c3 Qb7 33. Bf2 Qa6 34. R3d2
Qb7 35. Qe1 Bg5 36. Rd3 Bd8 37. R3d2 Bg5 38. Rd3 Bd8 39. R3d2 Bg5 1/2-1/2

[Event "TCh-Moscow 2014"]
[Site "Moscow RUS"]
[Date "2014.10.04"]
[Round "5.2"]
[White "Golubev, Roman"]
[Black "Morozov, Grigoriy"]
[Result "0-1"]
[BlackTitle "FM"]
[WhiteElo "2324"]
[BlackElo "2350"]
[WhiteTeam "Academy GMs I & V Glek"]
[BlackTeam "The chip"]
[WhiteFideId "14202344"]
[BlackFideId "4168860"]
[EventDate "2014.09.27"]

1. e4 e6 2. d4 d5 3. Nc3 Bb4 4. exd5 exd5 5. Bd3 c6 6. Ne2 Ne7 7. Ng3 Bd6 8. Qf3
Ng6 9. O-O O-O 10. Qh5 Qb6 11. Nce2 Re8 12. Nf5 Bf8 13. b3 Nd7 14. Bg5 Re6 15.
Qf3 h6 16. Be3 Nf6 17. Neg3 Bd7 18. h4 Rae8 19. h5 Ne7 20. Nh4 Nc8 21. c4 Ne4
22. Nhf5 Qd8 23. Qg4 Kh8 24. Bxe4 dxe4 25. d5 cxd5 26. Bd4 f6 27. Bc5 Ne7 28.
Nxe7 R6xe7 29. Bxe7 Qxe7 30. Qf4 dxc4 31. bxc4 Bc6 32. Rfe1 Qe6 33. Rac1 Bd6 34.
Qe3 b6 35. Kh1 Qe5 36. Qc3 Qg5 37. Rcd1 Bc5 38. Re2 f5 39. Rde1 Qf4 40. Qd2 Qh4+ 0-1

[Event "TCh-Moscow 2014"]
[Site "Moscow RUS"]
[Date "2014.10.04"]
[Round "5.2"]
[White "Pletnev, Evgeniy"]
[Black "Alikulov, Elbek"]
[Result "0-1"]
[BlackTitle "FM"]
[WhiteElo "2234"]
[BlackElo "2232"]
[WhiteTeam "The chip"]
[BlackTeam "Academy GMs I & V Glek"]
[WhiteFideId "24104140"]
[BlackFideId "14203308"]
[EventDate "2014.09.27"]

1. f4 c5 2. Nf3 Nc6 3. g3 g6 4. Bg2 Bg7 5. O-O d6 6. d3 e6 7. Nc3 Nge7 8. e4 O-O
9. h3 b6 10. Ne2 Bb7 11. g4 f5 12. c3 Qd7 13. Ng3 Rae8 14. exf5 exf5 15. g5 Nd8
16. h4 Ne6 17. h5 Rf7 18. Rf2 Nd5 19. Nh4 Nf8 20. Nf1 Bc6 21. Bd2 b5 22. Qb3 Nb6
23. Re1 Rxe1 24. Bxe1 Bxg2 25. Rxg2 a5 26. Re2 a4 27. Qd1 Nd5 28. Ng2 Ne6 29.
Qc1 Re7 30. Ng3 Kf7 31. Bd2 Qe8 32. a3 Nec7 33. Qf1 Rxe2 34. Nxe2 Qe6 35. Qf3
Ne7 36. h6 Bh8 37. Kf2 Qd5 38. Ne3 Qxd3 39. Qb7 Ne8 40. Be1 d5 41. Nc1 Qe4 42.
Qxb5 Qxf4+ 43. Ke2 d4 44. Qc4+ Kf8 45. Bf2 Nd6 46. Qxc5 Qxf2+ 47. Kxf2 Ne4+ 0-1

[Event "TCh-Moscow 2014"]
[Site "Moscow RUS"]
[Date "2014.10.04"]
[Round "5.2"]
[White "Vdovin, Vadim"]
[Black "Rozanov, Pavel B."]
[Result "1/2-1/2"]
[BlackTitle "FM"]
[WhiteElo "2314"]
[BlackElo "2227"]
[WhiteTeam "Academy GMs I & V Glek"]
[BlackTeam "The chip"]
[WhiteFideId "24107158"]
[BlackFideId "4129270"]
[EventDate "2014.09.27"]

1. e4 e6 2. d4 d5 3. Nd2 dxe4 4. Nxe4 Bd7 5. Nf3 Bc6 6. Bd3 Nd7 7. O-O Ngf6 8.
Ned2 Be7 9. Nc4 Bd5 10. Nce5 c5 11. c4 Bxf3 12. Nxf3 O-O 13. dxc5 Bxc5 14. Bf4
Qb6 15. Rb1 a5 16. Qc2 Bd6 17. Be3 Bc5 18. Bg5 h6 19. Bh4 Be7 20. Qe2 Rfe8 21.
Rfd1 Rad8 22. Bc2 Nc5 23. Nd4 Rd7 24. Nb5 Red8 25. Bg3 Ne8 26. Rxd7 Rxd7 27. Rd1
Nd6 28. Be5 Nxb5 29. cxb5 Rxd1+ 30. Bxd1 Qd8 31. Bc3 b6 32. Qd2 Qc7 33. Qe2 Qd8
34. b4 Ne4 1/2-1/2

[Event "TCh-Moscow 2014"]
[Site "Moscow RUS"]
[Date "2014.10.04"]
[Round "5.2"]
[White "Kovtunenko, Alexandr"]
[Black "Fominykh, Maria"]
[Result "1/2-1/2"]
[BlackTitle "WIM"]
[WhiteElo "2195"]
[BlackElo "2292"]
[WhiteTeam "The chip"]
[BlackTeam "Academy GMs I & V Glek"]
[WhiteFideId "4144597"]
[BlackFideId "4142411"]
[EventDate "2014.09.27"]

1. e4 e6 2. d4 d5 3. Nd2 c5 4. exd5 Qxd5 5. Ngf3 Nc6 6. Bc4 Qd8 7. Nb3 Nf6 8.
O-O cxd4 9. Nbxd4 Nxd4 10. Nxd4 a6 11. Re1 Be7 12. Bg5 O-O 13. c3 Qc7 14. Bd3 b6
15. Qe2 Ra7 16. Rad1 Nd5 17. Bxe7 Nxe7 18. Qh5 g6 19. Qh6 e5 20. Nf3 f6 21. Re4
Be6 22. Nd4 Bd5 23. c4 Nc6 24. Rg4 Qd7 25. Bf5 Qg7 26. Be6+ Kh8 27. Qxg7+ Rxg7
28. Bxd5 Nxd4 29. Kf1 Rd8 30. Rg3 b5 31. Ra3 Rd6 32. f4 Rc7 33. fxe5 fxe5 34.
Re3 bxc4 35. Rxe5 Nf5 36. g4 Nh4 37. Re8+ Kg7 38. g5 h6 39. gxh6+ Kxh6 40. Rh8+
Kg5 41. Bf3 Rxd1+ 42. Bxd1 c3 43. bxc3 Rxc3 44. Ra8 Ra3 45. Bb3 Nf3 46. Kg2 Ne5
47. Re8 Nd3 48. Rd8 Nc1 49. Rd5+ Kh6 50. Rd6 Nxb3 51. axb3 Rxb3 1/2-1/2

[Event "TCh-Moscow 2014"]
[Site "Moscow RUS"]
[Date "2014.10.04"]
[Round "5.4"]
[White "Demidov, Mikhail"]
[Black "Seliverstov, Vladimir"]
[Result "0-1"]
[WhiteTitle "IM"]
[BlackTitle "FM"]
[WhiteElo "2499"]
[BlackElo "2432"]
[WhiteTeam "Boavista"]
[BlackTeam "MSU"]
[WhiteFideId "4197143"]
[BlackFideId "4192036"]
[EventDate "2014.09.27"]

1. d4 d5 2. c4 c6 3. cxd5 cxd5 4. Nc3 Nf6 5. Nf3 Nc6 6. Bf4 Bf5 7. e3 e6 8. Bb5
Nd7 9. Ne5 Ncxe5 10. Bxe5 a6 11. Bxd7+ Qxd7 12. O-O Rc8 13. Rc1 f6 14. Bg3 Be7
15. Qa4 Rc4 16. Qd1 O-O 17. b3 Rc6 18. Na4 Rfc8 19. Rxc6 Qxc6 20. h3 b5 21. Nc5
Bxc5 22. dxc5 Qxc5 23. Qd2 b4 24. Rd1 Rc6 25. Kh2 h6 26. Qe2 Kh7 27. Rd4 e5 28.
Rd2 Bg6 29. Qd1 Bc2 30. Qf3 Rd6 31. Qe2 Bg6 32. f4 Qc3 33. Be1 exf4 34. exf4 d4
35. Rd1 d3 36. Qf2 Qc2 37. Rd2 Qc6 38. f5 Bh5 39. Qh4 Qc1 40. Qf2 Rd5 41. Rb2
Be2 42. Rd2 h5 43. Qh4 Kg8 44. Qf2 a5 45. h4 Bg4 46. Qg3 Re5 47. Qxd3 Qxe1 0-1

[Event "TCh-Moscow 2014"]
[Site "Moscow RUS"]
[Date "2014.10.04"]
[Round "5.4"]
[White "Iljiushenok, Ilia"]
[Black "Gordievsky, Dmitry"]
[Result "0-1"]
[BlackTitle "FM"]
[WhiteElo "2433"]
[BlackElo "2455"]
[WhiteTeam "MSU"]
[BlackTeam "Boavista"]
[WhiteFideId "24105074"]
[BlackFideId "24112798"]
[EventDate "2014.09.27"]

1. e4 e5 2. Nf3 Nc6 3. d4 exd4 4. Nxd4 Qf6 5. Nb5 Bc5 6. Qd2 Bb6 7. N1c3 Ba5 8.
Na3 Nge7 9. Nc4 Bxc3 10. Qxc3 Qxc3+ 11. bxc3 d5 12. exd5 Nxd5 13. Bd2 Be6 14. a3
Nb6 15. Nxb6 axb6 16. Bf4 Kd8 17. O-O-O+ Kc8 18. Kb2 Ra4 19. Bg3 Bc4 20. Bd3
Bxd3 21. cxd3 Kd7 22. Rhe1 Rha8 23. Ra1 Nd8 24. f3 Ne6 25. Re4 R4a5 26. Bf2 Rg5
27. Bg3 Rd5 28. Kc2 Rda5 29. Kb2 Nc5 30. Re3 Ne6 31. Re5 Rxe5 32. Bxe5 Ra5 33.
Bg3 f5 34. Kc2 f4 35. Bf2 Rg5 36. Rg1 Re5 37. Kd2 Ra5 38. Ra1 Kd6 39. Kc2 Rg5
40. Rg1 Re5 41. Re1 Rg5 42. Rg1 Ra5 43. Kb2 Re5 44. Re1 Rg5 45. Rg1 g6 46. Kc2
Rh5 47. h3 Ra5 48. Kb2 Re5 49. Re1 Rg5 50. Rg1 Ng7 51. Kc2 Ra5 52. Kb2 Re5 53.
Re1 Rxe1 54. Bxe1 Nf5 55. Bf2 b5 56. Kc2 Kd5 57. Kd2 g5 58. Ke2 h5 59. Bg1 c5
60. Bf2 h4 61. Bg1 Nd6 62. Kd2 Nf7 63. Bf2 Ne5 64. Bxc5 Kxc5 65. d4+ Kd5 66.
dxe5 Kxe5 67. Kd3 Kd5 68. Kd2 Kc4 69. Kc2 b6 70. Kb2 Kd3 71. Kb3 Ke2 72. Kb4 Kf2
73. Kxb5 Kxg2 74. Kxb6 g4 0-1

[Event "TCh-Moscow 2014"]
[Site "Moscow RUS"]
[Date "2014.10.04"]
[Round "5.4"]
[White "Prizant, Jaroslav"]
[Black "Tokmachev, Mikhail"]
[Result "1/2-1/2"]
[WhiteTitle "IM"]
[BlackTitle "FM"]
[WhiteElo "2511"]
[BlackElo "2350"]
[WhiteTeam "Boavista"]
[BlackTeam "MSU"]
[WhiteFideId "4140664"]
[BlackFideId "4127650"]
[EventDate "2014.09.27"]

1. d4 d5 2. c4 c6 3. Nf3 Nf6 4. g3 Bf5 5. Nc3 e6 6. Nh4 Be4 7. f3 Bg6 8. Qb3 Qb6
9. c5 Qc7 10. Bf4 Qc8 11. e4 Be7 12. Bg2 O-O 13. Nxg6 hxg6 14. O-O Nbd7 15. e5
Nh7 16. Qc2 b6 17. b4 a5 18. a3 Qb7 19. Bd2 axb4 20. axb4 Rxa1 21. Rxa1 Ra8 22.
Ra2 Nhf8 23. Bf1 f6 24. f4 g5 25. Rxa8 Qxa8 26. Qa4 Qxa4 27. Nxa4 bxc5 28. exf6
Bxf6 29. dxc5 gxf4 30. gxf4 Bd4+ 31. Kg2 Kf7 32. Ba6 Ng6 33. Bb7 Ne7 34. Bc3
Bxc3 35. Nxc3 Nb8 36. b5 cxb5 37. Nxb5 Ke8 38. Nd4 Kd7 39. Kf3 Nec6 40. Bxc6+
Nxc6 41. Nb3 1/2-1/2

[Event "TCh-Moscow 2014"]
[Site "Moscow RUS"]
[Date "2014.10.04"]
[Round "5.4"]
[White "Miroshnichenko, Pavel"]
[Black "Kukhmazov, Arsen"]
[Result "0-1"]
[BlackTitle "FM"]
[WhiteElo "2270"]
[BlackElo "2351"]
[WhiteTeam "MSU"]
[BlackTeam "Boavista"]
[WhiteFideId "4188659"]
[BlackFideId "24108260"]
[EventDate "2014.09.27"]

1. e4 c6 2. d4 d5 3. e5 Bf5 4. Nf3 e6 5. Be2 Nd7 6. O-O f6 7. c4 fxe5 8. dxe5
Bc5 9. Nbd2 Ne7 10. Nb3 Bb6 11. Nbd4 O-O 12. Bg5 h6 13. Bh4 Qe8 14. Qd2 Bg4 15.
cxd5 cxd5 16. Bb5 Nf5 17. Nxf5 Rxf5 18. Nd4 Rxe5 19. Rae1 Rxe1 20. Rxe1 a6 21.
Ba4 Qf7 22. h3 Bxd4 23. Qxd4 Bf5 24. Rc1 e5 25. Qb4 b5 26. Bb3 Nb6 27. Qd6 Nc4
28. Bxc4 bxc4 29. Qxe5 Re8 30. Qc3 Re2 31. Bg3 Bd3 32. a3 Qf6 33. f3 Qb6+ 34.
Kh2 Rxb2 35. Qe5 d4 36. Re1 Kh7 37. Qd5 Rb5 38. Qd7 Bf5 39. Qf7 c3 40. Be5 Rxe5
41. Rxe5 Bg6 42. Qc4 Qd6 43. f4 c2 44. Rc5 Qxf4+ 45. Kh1 Bf5 46. Rc7 Qc1+ 47.
Kh2 Qf4+ 48. Kh1 Qc1+ 49. Kh2 d3 50. h4 Qe3 51. Qc3 Qf4+ 52. Kh1 Qxc7 53. Qxc7
d2 54. Qf4 d1=Q+ 55. Kh2 Bg6 0-1

[Event "TCh-Moscow 2014"]
[Site "Moscow RUS"]
[Date "2014.10.04"]
[Round "5.4"]
[White "Mikhailov, Viacheslav"]
[Black "Krylov, Ivan"]
[Result "1/2-1/2"]
[WhiteTitle "FM"]
[BlackTitle "FM"]
[WhiteElo "2355"]
[BlackElo "2239"]
[WhiteTeam "Boavista"]
[BlackTeam "MSU"]
[WhiteFideId "4187369"]
[BlackFideId "24128066"]
[EventDate "2014.09.27"]

1. c4 Nf6 2. g3 g6 3. Bg2 Bg7 4. Nc3 O-O 5. e4 d6 6. Nge2 c5 7. O-O Nc6 8. h3
Rb8 9. d3 a6 10. f4 Bd7 11. Be3 b5 12. Qd2 Ne8 13. Rae1 Nd4 14. b3 Nc7 15. f5
gxf5 16. Bh6 e5 17. Bxg7 Kxg7 18. exf5 Nxf5 19. Ne4 Ne8 20. g4 Nh4 21. N2g3 f5
22. Nh5+ Kg6 23. gxf5+ Bxf5 24. Re3 h6 25. Rg3+ Kh7 26. Rg4 Bxg4 27. Rxf8 Bxh5
28. Qf2 Qe7 29. Nf6+ Nxf6 30. Rxb8 Nxg2 31. Qxg2 Qg7 32. Qxg7+ Kxg7 33. Rb6 Ne8
34. Kf2 b4 35. Rxa6 Kf6 36. a3 bxa3 37. Rxa3 Ke6 38. b4 cxb4 39. Rb3 Bg6 40. Ke3
Ng7 41. Rxb4 Nf5+ 42. Kd2 Nd4 43. Rb6 Be8 44. c5 Bc6 45. cxd6 Kxd6 46. Rb8 Bg2
47. Rg8 Bxh3 48. Rg6+ Kd5 49. Rxh6 Bd7 50. Rh7 Bf5 51. Rh8 Ne6 52. Rh5 Bg6 53.
Rh6 Nf4 54. Ke3 Bxd3 55. Rf6 Nh5 56. Rh6 Nf4 57. Rf6 Bc2 58. Rxf4 exf4+ 59. Kxf4 1/2-1/2